书目信息 |
| 题名: |
克隆一个你
|
|
| 作者: | 程勇 , 江广平 , 高峰 编 | |
| 分册: | ||
| 出版信息: | 上海 复旦大学出版社 2002.04 |
|
| 页数: | 136页 | |
| 开本: | 21cm | |
| 丛书名: | ||
| 单 册: | ||
| 中图分类: | Q987-49 | |
| 科图分类: | ||
| 主题词: | 基因--ji yin--遗传工程--普及读物 | |
| 电子资源: | ||
| ISBN: | 7-309-03163-6 | |
| 000 | 00919nam0 2200253 450 | |
| 001 | 012006921031 | |
| 005 | 20061220152718.34 | |
| 010 | @a7-309-03163-6@dCNY10.00 | |
| 100 | @a20061129d2002 km y0chiy0120 ea | |
| 101 | 0 | @achi |
| 102 | @aCN@b310000 | |
| 105 | @aa z 000yy | |
| 200 | 1 | @a克隆一个你@Ake long yi ge ni@e趣味话基因@f高峰, 程勇, 江广平编@Fgao feng,cheng yong,jiang guang ping bian |
| 210 | @a上海@c复旦大学出版社@d2002.04 | |
| 215 | @a136页@c图@d21cm | |
| 330 | @a本书有人类千百年来神秘的遗传机制的介绍,有令人忍俊不禁的科学小发现,也有寸土寸金的基因专利争夺虞,更有关系千万人生命和健康的基因冶疗的进展等内容。 | |
| 517 | 1 | @a趣味话基因@Aqu wei hua ji yin |
| 606 | 0 | @a基因@Aji yin@x遗传工程@j普及读物 |
| 690 | @aQ987-49@v4 | |
| 701 | 0 | @a程勇@Acheng yong@4编 |
| 701 | 0 | @a江广平@Ajiang guang ping@4编 |
| 701 | 0 | @a高峰@Agao feng@4编 |
| 801 | 0 | @aCN@c20061220 |
| 905 | @a10447@dQ987-49@eG122 | |
| 克隆一个你:趣味话基因/高峰, 程勇, 江广平编.-上海:复旦大学出版社,2002.04 |
| 136页:图;21cm |
| ISBN 7-309-03163-6:CNY10.00 |
| 本书有人类千百年来神秘的遗传机制的介绍,有令人忍俊不禁的科学小发现,也有寸土寸金的基因专利争夺虞,更有关系千万人生命和健康的基因冶疗的进展等内容。 |
| ● |
| 相关链接 |
|
|
|
正题名:克隆一个你
索取号:Q987-49/G122
 
预约/预借
| 序号 | 登录号 | 条形码 | 馆藏地/架位号 | 状态 | 备注 |
| 1 | 229475 | 202294757 | 自科库401/401自科库 38排4列5层/ [索取号:Q987-49/G122] | 在馆 | |
| 2 | 229476 | 202294766 | 自科库401/401自科库 38排4列5层/ [索取号:Q987-49/G122] | 在馆 | |
| 3 | 229477 | 202294775 | 自科库401/401自科库 38排4列4层/ [索取号:Q987-49/G122] | 在馆 |